Gaming Quiz

Random Gaming or Color Quiz
Score 0/60 Timer 08:00
0 Plays Today
% Correct
Pikachu
92.1%
Magikarp
85.4%
Voltorb
84.6%
Charizard
83.9%
Bulbasaur
81.8%
Psyduck
81.4%
Krabby
75.2%
Arcanine
71.9%
Rattata
71.7%
Scyther
70.5%
Muk
68.6%
Torchic
67%
Poliwrath
66.9%
Gyarados
63.5%
Natu
58.5%
Yanma
58.1%
Espeon
57.9%
Wurmple
56.2%
Tepig
55.1%
Camerupt
54.9%
Octillery
54.9%
Ampharos
53.5%
Jirachi
52.9%
Azumarill
52.7%
Trapinch
52.4%
Combee
51.1%
Metagross
50.8%
Torkoal
50.5%
Dunsparce
49.6%
Magmortar
49.3%
% Correct
Aipom
49%
Politoed
48.2%
Makuhita
47.4%
Sableye
47%
Budew
45.4%
Lombre
45.2%
Scraggy
45.1%
Floatzel
44.1%
Wobbuffet
43.9%
Monferno
43%
Cacturne
42.9%
Tangrowth
41.6%
Delphox
41.1%
Electivire
40.8%
Sealeo
38.7%
Carnivine
38.2%
Mantyke
38.1%
Kricketot
37.7%
Spiritomb
37.4%
Drifloon
37.1%
Swalot
33.9%
Virizion
33.1%
Darumaka
32.9%
Galvantula
31.4%
Solosis
31.4%
Helioptile
29.7%
Noibat
29.5%
Vanillish
28.7%
Purrloin
26.6%
Clauncher
21.7%
Come Together.
Have Fun.
All Virtual.
We all need to come together. Play Sporcle's virtual live trivia to have fun, connect with people, and get your trivia on. Join a live hosted trivia game for your favorite pub trivia experience done virtually. If a virtual private party is more your thing, go here for details.

You're not logged in!

Compare scores with friends on all Sporcle quizzes.
OR
Log In

Sporcle TV

Today on Sporcle TV


Watch our educational content, quiz creation guides, and fun videos on Sporcle TV.

Show Comments

Extras

Top Quizzes Today


Score Distribution

Paid Content

Your Account Isn't Verified!

In order to create a playlist on Sporcle, you need to verify the email address you used during registration. Go to your Sporcle Settings to finish the process.

Report this User

Report this user for behavior that violates our Community Guidelines.

Details: